| 000 | 00465nam a22001697a 4500 | ||
|---|---|---|---|
| 999 |
_c27443 _d27443 |
||
| 003 | BDDh-ASL | ||
| 005 | 20231015030752.0 | ||
| 008 | 211103s1962 p ||||| |||| 00| 0 u d | ||
| 040 |
_aBDDh-ASL _cBDDh-ASL |
||
| 082 |
_a297.3 _bJAZ |
||
| 245 | 1 | 0 | _aZadul Maad, Vol.-2 : / زاد المعاد |
| 260 |
_aKarachi : _bNafees Academy , _c1962. |
||
| 300 |
_a368 p. : _c25 cm. |
||
| 650 | 0 |
_95549 _aSirat |
|
| 700 | 1 |
_95090 _aJafari, Rais Ahmad |
|
| 942 |
_2ddc _cBK |
||